| Tag |
First Indicator |
Second Indicator |
Subfields |
| LEADER |
00000cam a2200000 a 4500 |
| 001 |
in00000030054 |
| 005 |
20151007054849.0 |
| 008 |
870921s1987 miu b 00110 eng |
| 010 |
|
|
|a 87022954
|
| 020 |
|
|
|a 0801077435 (pbk.) :
|c $15.95
|
| 035 |
|
|
|a (OCoLC)16801437
|
| 035 |
|
|
|9 AAB6469AM
|
| 040 |
|
|
|a DLC
|c DLC
|d TXA
|d UtOrBLW
|
| 049 |
|
|
|a TXAM
|c [A11110328]
|
| 050 |
0 |
0 |
|a BS535
|b .R94 1987
|
| 082 |
0 |
|
|a 809/.93522
|2 19
|
| 100 |
1 |
|
|a Ryken, Leland.
|
| 245 |
1 |
0 |
|a Words of delight :
|b a literary introduction to the Bible /
|c Leland Ryken.
|
| 264 |
|
1 |
|a Grand Rapids, Mich. :
|b Baker Book House,
|c [1987]
|
| 264 |
|
4 |
|c ©1987
|
| 300 |
|
|
|a 382 pages ;
|c 23 cm.
|
| 336 |
|
|
|a text
|b txt
|2 rdacontent
|
| 337 |
|
|
|a unmediated
|b n
|2 rdamedia
|
| 338 |
|
|
|a volume
|b nc
|2 rdacarrier
|
| 504 |
|
|
|a Includes bibliographical references and indexes.
|
| 650 |
|
0 |
|a Bible as literature.
|
| 630 |
0 |
0 |
|a Bible
|x Criticism, interpretation, etc.
|
| 999 |
|
|
|a MARS
|
| 999 |
f |
f |
|s 4dc7587c-2a1b-3bf4-bf8a-c8ba8176553e
|i d190e82a-15ce-343a-b2f1-9997b633e589
|t 0
|
| 952 |
f |
f |
|p normal
|a Texas A&M University
|b College Station
|c Sterling C. Evans Library
|d Evans: Library Stacks
|t 0
|e BS535 .R94 1987
|h Library of Congress classification
|i unmediated -- volume
|m A14811110328
|
| 998 |
f |
f |
|a BS535 .R94 1987
|t 0
|l Evans: Library Stacks
|